000 00655nam a2200217Ia 4500
003 IN-BaIIA
008 211028s9999 xx 000 0 eng d
020 _a978-0-12-415845-0
040 _cIIA Library
080 _a(031) 523
_bSPO
100 _aSpohn, Tilman
_936157
245 0 _aEncyclopaedia of the solar system
_cby Tilman Spohn , Doris Breuer and Torrence Johnson
250 _a3rd ed.
260 _aAmsterdam
_bElsevier
_c2014
300 _avii, 1280p.
650 _aScience / Astronomy
_936158
650 _aSolar System -- Encyclopedias
_936159
700 _aBreuer, Doris
_936160
700 _aJohnson, Torrence. V
_936161
942 _cBK
999 _c18930
_d18930